[Event "Villarobledo Online Qualifyer"]
[Site "playchess.com #155672"]
[Date "2009.05.23"]
[Round "7"]
[White "Master--Sim"]
[Black "Tdurden"]
[Result "0-1"]
[WhiteElo "2073"]
[BlackElo "2200"]
[PlyCount "132"]
[EventDate "2009.05.23"]
[EventType "swiss (blitz)"]

1. d4 {[%emt 0:00:03]} Nf6 {[%emt 0:00:02]} 2. Nf3 {[%emt 0:00:02]} d5 {[%emt
0:00:02]} 3. Bf4 {[%emt 0:00:01]} Bf5 {[%emt 0:00:02]} 4. e3 {[%emt 0:00:01]}
c6 {[%emt 0:00:01]} 5. c3 {[%emt 0:00:01]} e6 {[%emt 0:00:01]} 6. Bd3 {[%emt 0:
00:01]} Bg6 {[%emt 0:00:02]} 7. Ne5 {[%emt 0:00:04]} Bd6 {[%emt 0:00:05]} 8. h4
{[%emt 0:00:05]} Bxd3 {[%emt 0:00:07]} 9. Qxd3 {[%emt 0:00:02]} Bxe5 {[%emt 0:
00:02]} 10. Bxe5 {[%emt 0:00:03]} Nbd7 {[%emt 0:00:01]} 11. Bg3 {[%emt 0:00:08]
} Qb6 {[%emt 0:00:01]} 12. Qc2 {[%emt 0:00:04]} Ne4 {[%emt 0:00:01]} 13. Nd2 {
[%emt 0:00:06]} Nxg3 {[%emt 0:00:02]} 14. fxg3 {[%emt 0:00:00]} f5 {[%emt 0:00:
05]} 15. O-O-O {[%emt 0:00:06]} Nf6 {[%emt 0:00:02]} 16. Nf3 {[%emt 0:00:06]}
Qc7 {[%emt 0:00:11]} 17. g4 {[%emt 0:00:08]} Nxg4 {[%emt 0:00:05]} 18. Qe2 {
[%emt 0:00:02] Master--Sim bietet Remis} O-O-O {[%emt 0:00:10]} 19. Ng5 {[%emt
0:00:02]} Qe7 {[%emt 0:00:06]} 20. e4 {[%emt 0:00:02]} dxe4 {[%emt 0:00:18]}
21. Nxe4 {[%emt 0:00:02]} Rhe8 {[%emt 0:00:35]} 22. Rde1 {[%emt 0:00:06]} e5 {
[%emt 0:00:13]} 23. Ng5 {[%emt 0:00:10]} e4 {[%emt 0:00:08]} 24. Nxh7 {[%emt 0:
00:05]} Qe6 {[%emt 0:00:09]} 25. Kb1 {[%emt 0:00:04]} c5 {[%emt 0:00:12]} 26.
dxc5 {[%emt 0:00:05]} e3 {[%emt 0:00:15]} 27. Ng5 {[%emt 0:00:05]} Qc6 {[%emt
0:00:08]} 28. Nf7 {[%emt 0:00:12]} Rd2 {[%emt 0:00:34]} 29. Qc4 {[%emt 0:00:03]
} Qxg2 {[%emt 0:00:08]} 30. Nd6+ {[%emt 0:00:04]} Kb8 {[%emt 0:00:01]} 31. Qb3
{[%emt 0:00:01]} Rd8 {[%emt 0:00:03]} 32. Rhg1 {[%emt 0:00:02]} Qc6 {[%emt 0:
00:01]} 33. Nxf5 {[%emt 0:00:05]} Qxc5 {[%emt 0:00:01]} 34. Nxg7 {[%emt 0:00:
10]} Ne5 {[%emt 0:00:01]} 35. a3 {[%emt 0:00:04]} Nd3 {[%emt 0:00:01]} 36. Ne6
{[%emt 0:00:08]} Qd6 {[%emt 0:00:01]} 37. Rg7 {[%emt 0:00:06]} Rxb2+ {[%emt 0:
00:01]} 38. Qxb2 {[%emt 0:00:03]} Nxb2 {[%emt 0:00:00]} 39. Nd4 {[%emt 0:00:04]
} Nc4 {[%emt 0:00:02]} 40. Kc2 {[%emt 0:00:04]} Qxa3 {[%emt 0:00:01]} 41. Kd3 {
[%emt 0:00:01] Master--Sim bietet Remis} Nb2+ {[%emt 0:00:02]} 42. Ke2 {[%emt
0:00:03]} Qxc3 {[%emt 0:00:01]} 43. Ne6 {[%emt 0:00:04]} Rd2+ {[%emt 0:00:02]}
44. Kf3 {[%emt 0:00:04]} Rf2+ {[%emt 0:00:03]} 45. Kg3 {[%emt 0:00:02]} Qxg7+ {
[%emt 0:00:01]} 46. Nxg7 {[%emt 0:00:02]} Rf7 {[%emt 0:00:02]} 47. Ne6 {[%emt
0:00:03]} Nc4 {[%emt 0:00:04]} 48. h5 {[%emt 0:00:04]} b5 {[%emt 0:00:01]} 49.
Ng5 {[%emt 0:00:06]} Rg7 {[%emt 0:00:03]} 50. Kf4 {[%emt 0:00:02]} b4 {[%emt 0:
00:06]} 51. h6 {[%emt 0:00:01]} Rg8 {[%emt 0:00:03]} 52. h7 {[%emt 0:00:02]}
Rh8 {[%emt 0:00:03]} 53. Rc1 {[%emt 0:00:02]} e2 {[%emt 0:00:03]} 54. Re1 {
[%emt 0:00:07]} b3 {[%emt 0:00:03]} 55. Rxe2 {[%emt 0:00:04]} b2 {[%emt 0:00:
01]} 56. Re1 {[%emt 0:00:02]} Nd2 {[%emt 0:00:02]} 57. Ke3 {[%emt 0:00:04]}
b1=Q {[%emt 0:00:01]} 58. Kxd2 {[%emt 0:00:04]} Qb4+ {[%emt 0:00:03]} 59. Ke2 {
[%emt 0:00:03]} Re8+ {[%emt 0:00:02]} 60. Kf3 {[%emt 0:00:02]} Qxe1 {[%emt 0:
00:01]} 61. Kg4 {[%emt 0:00:04]} a5 {[%emt 0:00:04]} 62. Kf5 {[%emt 0:00:02]}
a4 {[%emt 0:00:01]} 63. Kg6 {[%emt 0:00:00]} a3 {[%emt 0:00:01]} 64. Kf7 {
[%emt 0:00:00]} a2 {[%emt 0:00:01]} 65. Ne6 {[%emt 0:00:03]} Qxe6+ {[%emt 0:00:
03]} 66. Kg7 {[%emt 0:00:03]} a1=Q# {[%emt 0:00:01]} 0-1

[Event "Villarobledo Online Qualifyer"]
[Site "playchess.com #155672"]
[Date "2009.05.23"]
[Round "7"]
[White "Maguljica"]
[Black "Cemcakan3"]
[Result "1-0"]
[WhiteElo "2150"]
[BlackElo "2205"]
[PlyCount "151"]
[EventDate "2009.05.23"]
[EventType "swiss (blitz)"]

1. d4 {[%emt 0:00:03]} Nf6 {[%emt 0:00:01]} 2. c4 {[%emt 0:00:02]} e6 {[%emt 0:
00:01]} 3. Nc3 {[%emt 0:00:02]} Bb4 {[%emt 0:00:01]} 4. Qc2 {[%emt 0:00:02]}
O-O {[%emt 0:00:01]} 5. a3 {[%emt 0:00:01]} Bxc3+ {[%emt 0:00:01]} 6. Qxc3 {
[%emt 0:00:00]} b6 {[%emt 0:00:01]} 7. Bg5 {[%emt 0:00:03]} Bb7 {[%emt 0:00:01]
} 8. f3 {[%emt 0:00:01]} h6 {[%emt 0:00:00]} 9. Bh4 {[%emt 0:00:01]} d5 {[%emt
0:00:00]} 10. e3 {[%emt 0:00:01]} Nbd7 {[%emt 0:00:01]} 11. cxd5 {[%emt 0:00:
00]} Nxd5 {[%emt 0:00:01]} 12. Bxd8 {[%emt 0:00:02]} Nxc3 {[%emt 0:00:00]} 13.
Bh4 {[%emt 0:00:01]} Nd5 {[%emt 0:00:01]} 14. Bf2 {[%emt 0:00:00]} c5 {[%emt 0:
00:01]} 15. e4 {[%emt 0:00:18]} Ne7 {[%emt 0:00:01]} 16. Ne2 {[%emt 0:00:10]}
Rac8 {[%emt 0:00:04]} 17. Nc3 {[%emt 0:00:15]} cxd4 {[%emt 0:00:05]} 18. Bxd4 {
[%emt 0:00:00]} Nc6 {[%emt 0:00:03]} 19. Bf2 {[%emt 0:00:18]} Rfd8 {[%emt 0:00:
30]} 20. Rd1 {[%emt 0:00:28]} Nde5 {[%emt 0:00:08]} 21. Rxd8+ {[%emt 0:00:32]}
Rxd8 {[%emt 0:00:00]} 22. Be2 {[%emt 0:00:12]} Na5 {[%emt 0:00:11]} 23. Be3 {
[%emt 0:00:12]} Nac4 {[%emt 0:00:03]} 24. Bc1 {[%emt 0:00:03]} Nd3+ {[%emt 0:
00:27]} 25. Bxd3 {[%emt 0:00:02]} Rxd3 {[%emt 0:00:00]} 26. Ke2 {[%emt 0:00:00]
} Rd7 {[%emt 0:00:10]} 27. Rd1 {[%emt 0:00:03]} Rxd1 {[%emt 0:00:05]} 28. Kxd1
{[%emt 0:00:00]} Kf8 {[%emt 0:00:09]} 29. Kc2 {[%emt 0:00:01]} Ke7 {[%emt 0:00:
03]} 30. b3 {[%emt 0:00:01]} Nd6 {[%emt 0:00:06]} 31. a4 {[%emt 0:00:04]} Ba6 {
[%emt 0:00:03]} 32. g3 {[%emt 0:00:03]} g5 {[%emt 0:00:05]} 33. Be3 {[%emt 0:
00:06]} f5 {[%emt 0:00:06]} 34. e5 {[%emt 0:00:02]} Nf7 {[%emt 0:00:08]} 35. f4
{[%emt 0:00:01]} g4 {[%emt 0:00:07]} 36. Na2 {[%emt 0:00:06]} Bb7 {[%emt 0:00:
12]} 37. Kc3 {[%emt 0:00:02]} Nd8 {[%emt 0:00:03]} 38. a5 {[%emt 0:00:04]} bxa5
{[%emt 0:00:06]} 39. Bxa7 {[%emt 0:00:01]} Nc6 {[%emt 0:00:02]} 40. Be3 {[%emt
0:00:01]} Ba6 {[%emt 0:00:09]} 41. Bc5+ {[%emt 0:00:05]} Kd7 {[%emt 0:00:02]}
42. b4 {[%emt 0:00:06]} axb4+ {[%emt 0:00:17]} 43. Bxb4 {[%emt 0:00:00]} Ne7 {
[%emt 0:00:08]} 44. Bxe7 {[%emt 0:00:02]} Kxe7 {[%emt 0:00:00]} 45. Nb4 {[%emt
0:00:01]} Bb7 {[%emt 0:00:01]} 46. Kd4 {[%emt 0:00:01]} h5 {[%emt 0:00:03]} 47.
Kc5 {[%emt 0:00:00]} Bf3 {[%emt 0:00:02]} 48. Kb6 {[%emt 0:00:05]} Kd7 {[%emt
0:00:02]} 49. Nd3 {[%emt 0:00:02]} Bd5 {[%emt 0:00:05]} 50. Kc5 {[%emt 0:00:01]
} Be4 {[%emt 0:00:02]} 51. Nb2 {[%emt 0:00:02]} Bc2 {[%emt 0:00:03]} 52. Nc4 {
[%emt 0:00:01]} Bb3 {[%emt 0:00:03]} 53. Nd6 {[%emt 0:00:01]} Ke7 {[%emt 0:00:
01]} 54. Kc6 {[%emt 0:00:02]} Ba4+ {[%emt 0:00:01]} 55. Kc7 {[%emt 0:00:01]}
Bd1 {[%emt 0:00:03]} 56. Nc8+ {[%emt 0:00:03]} Kf7 {[%emt 0:00:02]} 57. Kd6 {
[%emt 0:00:02]} Bb3 {[%emt 0:00:02]} 58. Ne7 {[%emt 0:00:03]} Ba2 {[%emt 0:00:
02]} 59. Nc6 {[%emt 0:00:01]} Bb3 {[%emt 0:00:03]} 60. Nd8+ {[%emt 0:00:01]}
Kg6 {[%emt 0:00:04]} 61. Nxe6 {[%emt 0:00:00]} Kf7 {[%emt 0:00:01]} 62. Nd4 {
[%emt 0:00:02]} Ba2 {[%emt 0:00:02]} 63. Nxf5 {[%emt 0:00:01]} Kg6 {[%emt 0:00:
03]} 64. Nd4 {[%emt 0:00:03]} Kf7 {[%emt 0:00:01]} 65. f5 {[%emt 0:00:01]} Bb1
{[%emt 0:00:03]} 66. Kd5 {[%emt 0:00:02]} Ba2+ {[%emt 0:00:03]} 67. Ke4 {[%emt
0:00:01]} Ke7 {[%emt 0:00:01]} 68. Kf4 {[%emt 0:00:01]} Bd5 {[%emt 0:00:04]}
69. Kg5 {[%emt 0:00:01]} Bf7 {[%emt 0:00:02]} 70. e6 {[%emt 0:00:09]} Be8 {
[%emt 0:00:02]} 71. f6+ {[%emt 0:00:01]} Kd6 {[%emt 0:00:01]} 72. f7 {[%emt 0:
00:01]} Bxf7 {[%emt 0:00:00]} 73. exf7 {[%emt 0:00:00]} Ke7 {[%emt 0:00:00]}
74. Kg6 {[%emt 0:00:02]} Kf8 {[%emt 0:00:01]} 75. Kf6 {[%emt 0:00:02]} h4 {
[%emt 0:00:01]} 76. Ne6# {[%emt 0:00:01]} 1-0

[Event "Villarobledo Online Qualifyer"]
[Site "playchess.com #155672"]
[Date "2009.05.23"]
[Round "7"]
[White "Yang Guo"]
[Black "Shatterhand"]
[Result "1/2-1/2"]
[WhiteElo "2863"]
[BlackElo "2409"]
[PlyCount "123"]
[EventDate "2009.05.23"]
[EventType "swiss (blitz)"]

1. e4 {[%emt 0:00:02]} c5 {[%emt 0:00:02]} 2. Nf3 {[%emt 0:00:01]} Nc6 {[%emt
0:00:01]} 3. Bb5 {[%emt 0:00:05]} e6 {[%emt 0:00:01]} 4. O-O {[%emt 0:00:08]}
Nge7 {[%emt 0:00:02]} 5. b3 {[%emt 0:00:02]} a6 {[%emt 0:00:01]} 6. Bxc6 {
[%emt 0:00:01]} Nxc6 {[%emt 0:00:01]} 7. c4 {[%emt 0:00:00]} Be7 {[%emt 0:00:
13]} 8. Bb2 {[%emt 0:00:01]} O-O {[%emt 0:00:01]} 9. Qe2 {[%emt 0:00:11]} d6 {
[%emt 0:00:24]} 10. Na3 {[%emt 0:00:13]} Bf6 {[%emt 0:00:05]} 11. Bxf6 {[%emt
0:00:08]} Qxf6 {[%emt 0:00:00]} 12. Nc2 {[%emt 0:00:01]} Rb8 {[%emt 0:00:25]}
13. Rfd1 {[%emt 0:00:08]} b5 {[%emt 0:00:02]} 14. d4 {[%emt 0:00:02]} cxd4 {
[%emt 0:00:01]} 15. Ncxd4 {[%emt 0:00:01]} Nxd4 {[%emt 0:00:01]} 16. Nxd4 {
[%emt 0:00:07]} bxc4 {[%emt 0:00:08]} 17. Qxc4 {[%emt 0:00:00]} Bb7 {[%emt 0:
00:02]} 18. f3 {[%emt 0:00:04]} Rfc8 {[%emt 0:00:04]} 19. Qd3 {[%emt 0:00:03]}
a5 {[%emt 0:00:49]} 20. Qe3 {[%emt 0:00:09]} Qe5 {[%emt 0:00:10]} 21. Qf2 {
[%emt 0:00:50]} d5 {[%emt 0:00:01]} 22. exd5 {[%emt 0:00:01]} Bxd5 {[%emt 0:00:
00]} 23. Rac1 {[%emt 0:00:01]} h6 {[%emt 0:00:13]} 24. Rc2 {[%emt 0:00:13]}
Rxc2 {[%emt 0:00:06]} 25. Qxc2 {[%emt 0:00:00]} Qe3+ {[%emt 0:00:24]} 26. Qf2 {
[%emt 0:00:03]} Qc3 {[%emt 0:00:04]} 27. Qd2 {[%emt 0:00:04]} Qxd2 {[%emt 0:00:
11]} 28. Rxd2 {[%emt 0:00:00]} a4 {[%emt 0:00:00]} 29. bxa4 {[%emt 0:00:15]}
Ra8 {[%emt 0:00:01]} 30. Nb5 {[%emt 0:00:06]} Rxa4 {[%emt 0:00:01]} 31. Nc3 {
[%emt 0:00:01]} Ra5 {[%emt 0:00:02]} 32. a4 {[%emt 0:00:06]} g5 {[%emt 0:00:03]
} 33. Kf2 {[%emt 0:00:02]} Kf8 {[%emt 0:00:01]} 34. Ke3 {[%emt 0:00:01]} Ke7 {
[%emt 0:00:01]} 35. Rb2 {[%emt 0:00:07]} Bc6 {[%emt 0:00:02]} 36. Kd4 {[%emt 0:
00:04]} Kd6 {[%emt 0:00:02]} 37. Kc4 {[%emt 0:00:02]} f5 {[%emt 0:00:07]} 38.
Kb4 {[%emt 0:00:05]} Ra8 {[%emt 0:00:01]} 39. Rd2+ {[%emt 0:00:01]} Ke5 {[%emt
0:00:01]} 40. a5 {[%emt 0:00:01]} h5 {[%emt 0:00:02]} 41. Kc5 {[%emt 0:00:03]}
Bxf3 {[%emt 0:00:04]} 42. gxf3 {[%emt 0:00:25]} Rxa5+ {[%emt 0:00:01]} 43. Kb4
{[%emt 0:00:03]} Ra1 {[%emt 0:00:01]} 44. Re2+ {[%emt 0:00:01]} Kf4 {[%emt 0:
00:01]} 45. Rxe6 {[%emt 0:00:01]} Kxf3 {[%emt 0:00:02]} 46. Kc4 {[%emt 0:00:00]
} g4 {[%emt 0:00:04]} 47. Re5 {[%emt 0:00:04]} Kf4 {[%emt 0:00:03]} 48. Re2 {
[%emt 0:00:02]} g3 {[%emt 0:00:02]} 49. hxg3+ {[%emt 0:00:04]} Kxg3 {[%emt 0:
00:00]} 50. Kd3 {[%emt 0:00:00]} Ra3 {[%emt 0:00:02]} 51. Re3+ {[%emt 0:00:04]}
Kg4 {[%emt 0:00:01]} 52. Ke2 {[%emt 0:00:02]} f4 {[%emt 0:00:01]} 53. Rd3 {
[%emt 0:00:01]} h4 {[%emt 0:00:02]} 54. Kf2 {[%emt 0:00:01]} h3 {[%emt 0:00:01]
} 55. Rf3 {[%emt 0:00:03]} Rb3 {[%emt 0:00:04]} 56. Rd3 {[%emt 0:00:02]} Rb2+ {
[%emt 0:00:02]} 57. Kg1 {[%emt 0:00:02]} f3 {[%emt 0:00:03]} 58. Ne4 {[%emt 0:
00:03]} Rb1+ {[%emt 0:00:02]} 59. Kh2 {[%emt 0:00:02]} Rb2+ {[%emt 0:00:01]}
60. Kg1 {[%emt 0:00:01]} Rb1+ {[%emt 0:00:01]} 61. Kh2 {[%emt 0:00:01]} Rb2+ {
[%emt 0:00:00]} 62. Kg1 {[%emt 0:00:02]} 1/2-1/2

[Event "Villarobledo Online Qualifyer"]
[Site "playchess.com #155672"]
[Date "2009.05.23"]
[Round "7"]
[White "Buster hyman"]
[Black "Senad_tesanj"]
[Result "0-1"]
[WhiteElo "1735"]
[BlackElo "1622"]
[PlyCount "114"]
[EventDate "2009.05.23"]
[EventType "swiss (blitz)"]

1. e4 {[%emt 0:00:02]} c5 {[%emt 0:00:01]} 2. Nf3 {[%emt 0:00:01]} d6 {[%emt 0:
00:01]} 3. d4 {[%emt 0:00:01]} cxd4 {[%emt 0:00:01]} 4. Qxd4 {[%emt 0:00:00]}
Nf6 {[%emt 0:00:01]} 5. Bg5 {[%emt 0:00:01]} Nbd7 {[%emt 0:00:02]} 6. Nc3 {
[%emt 0:00:02]} a6 {[%emt 0:00:01]} 7. Be2 {[%emt 0:00:06]} e6 {[%emt 0:00:02]}
8. O-O {[%emt 0:00:01]} Be7 {[%emt 0:00:01]} 9. e5 {[%emt 0:00:08]} dxe5 {
[%emt 0:00:04]} 10. Nxe5 {[%emt 0:00:03]} Nxe5 {[%emt 0:00:03]} 11. Qxe5 {
[%emt 0:00:02]} O-O {[%emt 0:00:03]} 12. Rad1 {[%emt 0:00:04]} Nd7 {[%emt 0:00:
29]} 13. Bxe7 {[%emt 0:00:18]} Qxe7 {[%emt 0:00:03]} 14. Qd6 {[%emt 0:00:07]}
Qxd6 {[%emt 0:00:10]} 15. Rxd6 {[%emt 0:00:00]} b5 {[%emt 0:00:17]} 16. Rfd1 {
[%emt 0:00:04]} Ne5 {[%emt 0:00:05]} 17. b3 {[%emt 0:00:32]} Bb7 {[%emt 0:00:
20]} 18. f4 {[%emt 0:00:02]} Ng6 {[%emt 0:00:18]} 19. Rd7 {[%emt 0:00:08]} Bc6
{[%emt 0:00:07]} 20. Rc7 {[%emt 0:00:11]} Rac8 {[%emt 0:00:08]} 21. Ra7 {[%emt
0:00:26]} Bxg2 {[%emt 0:00:26]} 22. Kxg2 {[%emt 0:00:05]} Rxc3 {[%emt 0:00:01]}
23. Bd3 {[%emt 0:00:41]} Nxf4+ {[%emt 0:00:04]} 24. Kf3 {[%emt 0:00:04]} Nxd3 {
[%emt 0:00:13]} 25. cxd3 {[%emt 0:00:01]} Rc2 {[%emt 0:00:08]} 26. Rxa6 {[%emt
0:00:02]} Rxh2 {[%emt 0:00:02]} 27. Rc1 {[%emt 0:00:01]} g5 {[%emt 0:00:04]}
28. Rc7 {[%emt 0:00:03]} h5 {[%emt 0:00:06]} 29. a4 {[%emt 0:00:03]} g4+ {
[%emt 0:00:02]} 30. Kg3 {[%emt 0:00:03]} Rh3+ {[%emt 0:00:02]} 31. Kg2 {[%emt
0:00:03]} Rd8 {[%emt 0:00:01]} 32. Raa7 {[%emt 0:00:05]} Rdxd3 {[%emt 0:00:02]}
33. Rxf7 {[%emt 0:00:02]} Rd2+ {[%emt 0:00:03]} 34. Kg1 {[%emt 0:00:01]} Rxb3 {
[%emt 0:00:12]} 35. Rg7+ {[%emt 0:00:02]} Kf8 {[%emt 0:00:02]} 36. Rgf7+ {
[%emt 0:00:06]} Ke8 {[%emt 0:00:03]} 37. Rfe7+ {[%emt 0:00:16]} Kd8 {[%emt 0:
00:05]} 38. Rf7 {[%emt 0:00:01]} Rb1+ {[%emt 0:00:04]} 39. Rf1 {[%emt 0:00:01]}
Rxf1+ {[%emt 0:00:02]} 40. Kxf1 {[%emt 0:00:01]} bxa4 {[%emt 0:00:04]} 41. Rxa4
{[%emt 0:00:01]} Ke7 {[%emt 0:00:01]} 42. Ra7+ {[%emt 0:00:01]} Kf6 {[%emt 0:
00:01]} 43. Rh7 {[%emt 0:00:01]} Kg5 {[%emt 0:00:01]} 44. Re7 {[%emt 0:00:02]}
Rd6 {[%emt 0:00:09]} 45. Rg7+ {[%emt 0:00:03]} Kf4 {[%emt 0:00:04]} 46. Rh7 {
[%emt 0:00:04]} Kg5 {[%emt 0:00:02]} 47. Rg7+ {[%emt 0:00:01]} Kh4 {[%emt 0:00:
01]} 48. Kg2 {[%emt 0:00:02]} e5 {[%emt 0:00:02]} 49. Re7 {[%emt 0:00:02]} Rd5
{[%emt 0:00:02]} 50. Rh7 {[%emt 0:00:03]} e4 {[%emt 0:00:03]} 51. Re7 {[%emt 0:
00:01]} Rd4 {[%emt 0:00:02]} 52. Re5 {[%emt 0:00:02]} g3 {[%emt 0:00:03]} 53.
Kg1 {[%emt 0:00:08]} Kg4 {[%emt 0:00:03]} 54. Kg2 {[%emt 0:00:01]} h4 {[%emt 0:
00:01]} 55. Re8 {[%emt 0:00:01]} h3+ {[%emt 0:00:02]} 56. Kf1 {[%emt 0:00:01]}
g2+ {[%emt 0:00:01]} 57. Kg1 {[%emt 0:00:03]} Rd1+ {[%emt 0:00:02] Buster
hyman resigns} 0-1

[Event "Villarobledo Online Qualifyer"]
[Site "playchess.com #155672"]
[Date "2009.05.23"]
[Round "7"]
[White "Kakaku"]
[Black "Schnickschnack"]
[Result "1/2-1/2"]
[WhiteElo "1861"]
[BlackElo "2102"]
[PlyCount "121"]
[EventDate "2009.05.23"]
[EventType "swiss (blitz)"]

1. d4 {[%emt 0:00:01]} Nf6 {[%emt 0:00:02]} 2. Nf3 {[%emt 0:00:02]} g6 {[%emt
0:00:01]} 3. Nc3 {[%emt 0:00:04]} Bg7 {[%emt 0:00:01]} 4. e4 {[%emt 0:00:02]}
O-O {[%emt 0:00:01]} 5. h3 {[%emt 0:00:03]} d6 {[%emt 0:00:01]} 6. Be3 {[%emt
0:00:01]} Nbd7 {[%emt 0:00:01]} 7. e5 {[%emt 0:00:01]} Ne8 {[%emt 0:00:08]} 8.
Bg5 {[%emt 0:00:08]} h6 {[%emt 0:00:07]} 9. Bh4 {[%emt 0:00:07]} c6 {[%emt 0:
00:07]} 10. Bd3 {[%emt 0:00:22]} dxe5 {[%emt 0:00:19]} 11. dxe5 {[%emt 0:00:20]
} Nxe5 {[%emt 0:00:12]} 12. Nxe5 {[%emt 0:00:09]} Bxe5 {[%emt 0:00:02]} 13. O-O
{[%emt 0:00:07]} Nd6 {[%emt 0:00:10]} 14. Qf3 {[%emt 0:00:36]} Nf5 {[%emt 0:00:
13]} 15. Bg3 {[%emt 0:00:12]} Nxg3 {[%emt 0:00:14]} 16. fxg3 {[%emt 0:00:02]}
Be6 {[%emt 0:00:14]} 17. Kh1 {[%emt 0:00:20]} Qc7 {[%emt 0:00:09]} 18. g4 {
[%emt 0:00:11]} Rad8 {[%emt 0:00:05]} 19. Rae1 {[%emt 0:00:03]} Kg7 {[%emt 0:
00:29]} 20. Na4 {[%emt 0:00:20]} Bd5 {[%emt 0:00:10]} 21. Qe2 {[%emt 0:00:03]}
Bg3 {[%emt 0:00:06]} 22. Qxe7 {[%emt 0:00:11]} Rd7 {[%emt 0:00:09]} 23. Qf6+ {
[%emt 0:00:04]} Kg8 {[%emt 0:00:11]} 24. Re2 {[%emt 0:00:07]} Rd6 {[%emt 0:00:
20] '} 25. Qe7 {[%emt 0:00:03]} Qxe7 {[%emt 0:00:08]} 26. Rxe7 {[%emt 0:00:02]}
b5 {[%emt 0:00:01]} 27. Nc5 {[%emt 0:00:03]} Bh4 {[%emt 0:00:04]} 28. Re2 {
[%emt 0:00:03]} a5 {[%emt 0:00:02]} 29. Nb7 {[%emt 0:00:03]} Rd7 {[%emt 0:00:
02]} 30. Nxa5 {[%emt 0:00:01]} Bg5 {[%emt 0:00:03]} 31. c3 {[%emt 0:00:02]} Bd8
{[%emt 0:00:02]} 32. b4 {[%emt 0:00:01]} Bb6 {[%emt 0:00:01]} 33. Nb3 {[%emt 0:
00:02]} Ra8 {[%emt 0:00:02]} 34. Bb1 {[%emt 0:00:02]} Bc4 {[%emt 0:00:02]} 35.
Rd2 {[%emt 0:00:07]} Rxd2 {[%emt 0:00:02]} 36. Nxd2 {[%emt 0:00:01]} Bxf1 {
[%emt 0:00:00]} 37. Nxf1 {[%emt 0:00:00]} Rd8 {[%emt 0:00:01]} 38. Ng3 {[%emt
0:00:10]} Rd1+ {[%emt 0:00:01]} 39. Kh2 {[%emt 0:00:00]} Rxb1 {[%emt 0:00:01]}
40. Ne4 {[%emt 0:00:01]} Ra1 {[%emt 0:00:01]} 41. Nf6+ {[%emt 0:00:01]} Kg7 {
[%emt 0:00:02]} 42. Nd7 {[%emt 0:00:00]} Rxa2 {[%emt 0:00:01]} 43. Nxb6 {[%emt
0:00:01]} Rc2 {[%emt 0:00:01]} 44. Nd7 {[%emt 0:00:02]} Rxc3 {[%emt 0:00:03]}
45. Ne5 {[%emt 0:00:00]} Rb3 {[%emt 0:00:03]} 46. Nxc6 {[%emt 0:00:01]} Rb1 {
[%emt 0:00:03]} 47. Kg3 {[%emt 0:00:01]} Kf6 {[%emt 0:00:02]} 48. Kf4 {[%emt 0:
00:01]} g5+ {[%emt 0:00:01]} 49. Kf3 {[%emt 0:00:01]} Rb3+ {[%emt 0:00:02]} 50.
Kf2 {[%emt 0:00:02]} Rb2+ {[%emt 0:00:01]} 51. Kf3 {[%emt 0:00:01]} Ke6 {[%emt
0:00:02]} 52. Nd4+ {[%emt 0:00:02]} Kd5 {[%emt 0:00:01]} 53. Nxb5 {[%emt 0:00:
01]} Rxb4 {[%emt 0:00:04]} 54. Nc3+ {[%emt 0:00:02]} Ke5 {[%emt 0:00:03]} 55.
Ne2 {[%emt 0:00:03]} Rb3+ {[%emt 0:00:02]} 56. Kf2 {[%emt 0:00:02]} f6 {[%emt
0:00:04]} 57. Ng3 {[%emt 0:00:05]} Rb2+ {[%emt 0:00:03]} 58. Kf3 {[%emt 0:00:
02]} Rb3+ {[%emt 0:00:04]} 59. Kf2 {[%emt 0:00:02]} Kf4 {[%emt 0:00:04]} 60.
Ne2+ {[%emt 0:00:02]} Ke5 {[%emt 0:00:01]} 61. Ng3 {[%emt 0:00:01]} 1/2-1/2

[Event "Villarobledo Online Qualifyer"]
[Site "playchess.com #155672"]
[Date "2009.05.23"]
[Round "7"]
[White "MiguelM"]
[Black "Timeh123"]
[Result "0-1"]
[WhiteElo "1761"]
[BlackElo "1518"]
[PlyCount "134"]
[EventDate "2009.05.23"]
[EventType "swiss (blitz)"]

1. e4 {[%emt 0:00:01]} d5 {[%emt 0:00:01]} 2. e5 {[%emt 0:00:01]} Nc6 {[%emt 0:
00:01]} 3. d4 {[%emt 0:00:01]} f6 {[%emt 0:00:01]} 4. exf6 {[%emt 0:00:03]}
gxf6 {[%emt 0:00:01]} 5. Qh5+ {[%emt 0:00:05]} Kd7 {[%emt 0:00:09]} 6. g3 {
[%emt 0:00:07]} Qe8 {[%emt 0:00:15]} 7. Bh3+ {[%emt 0:00:02]} Kd8 {[%emt 0:00:
01]} 8. Qf3 {[%emt 0:00:15]} Bxh3 {[%emt 0:00:07]} 9. Nxh3 {[%emt 0:00:04]} e6
{[%emt 0:00:08]} 10. O-O {[%emt 0:00:06]} Nxd4 {[%emt 0:00:08]} 11. Qd3 {[%emt
0:00:21]} Nf5 {[%emt 0:00:18]} 12. c4 {[%emt 0:00:05]} Qd7 {[%emt 0:00:05]} 13.
Nf4 {[%emt 0:00:14]} e5 {[%emt 0:00:10]} 14. Nxd5 {[%emt 0:00:02]} c6 {[%emt 0:
00:02]} 15. Nb4 {[%emt 0:00:22]} Bxb4 {[%emt 0:00:07]} 16. Qb3 {[%emt 0:00:14]}
Bd6 {[%emt 0:00:05]} 17. Rd1 {[%emt 0:00:08]} Nd4 {[%emt 0:00:01]} 18. Qa4 {
[%emt 0:00:19]} Kc7 {[%emt 0:00:10]} 19. b4 {[%emt 0:00:08]} c5 {[%emt 0:00:09]
} 20. b5 {[%emt 0:00:03]} a6 {[%emt 0:00:08]} 21. b6+ {[%emt 0:00:16]} Kc8 {
[%emt 0:00:06]} 22. Qa5 {[%emt 0:00:14]} Ne7 {[%emt 0:00:15]} 23. Ba3 {[%emt 0:
00:01]} Nec6 {[%emt 0:00:03]} 24. Qe1 {[%emt 0:00:07]} Nc2 {[%emt 0:00:08]} 25.
Qe4 {[%emt 0:00:12]} Nxa1 {[%emt 0:00:04]} 26. Nc3 {[%emt 0:00:09]} Nd4 {[%emt
0:00:13]} 27. Nd5 {[%emt 0:00:08]} Nac2 {[%emt 0:00:09]} 28. Qh4 {[%emt 0:00:
02]} Nxa3 {[%emt 0:00:16] '} 29. Qxf6 {[%emt 0:00:01]} Rd8 {[%emt 0:00:12]} 30.
Rd3 {[%emt 0:00:01]} Nxc4 {[%emt 0:00:03]} 31. a4 {[%emt 0:00:02]} Be7 {[%emt
0:00:12]} 32. Nxe7+ {[%emt 0:00:02]} Kb8 {[%emt 0:00:07]} 33. Nd5 {[%emt 0:00:
01]} Qxd5 {[%emt 0:00:04]} 34. f4 {[%emt 0:00:01]} Qd6 {[%emt 0:00:01]} 35.
fxe5 {[%emt 0:00:01]} Qxf6 {[%emt 0:00:01]} 36. exf6 {[%emt 0:00:01]} Rf8 {
[%emt 0:00:01]} 37. Rc3 {[%emt 0:00:02]} Ne5 {[%emt 0:00:02]} 38. Rxc5 {[%emt
0:00:01]} Nef3+ {[%emt 0:00:02]} 39. Kg2 {[%emt 0:00:01]} a5 {[%emt 0:00:08]}
40. Rc7 {[%emt 0:00:02]} Ra6 {[%emt 0:00:01]} 41. Rxh7 {[%emt 0:00:03]} Rxb6 {
[%emt 0:00:01]} 42. f7 {[%emt 0:00:01]} Rf6 {[%emt 0:00:01]} 43. h4 {[%emt 0:
00:02]} R6xf7 {[%emt 0:00:00]} 44. Rh5 {[%emt 0:00:01]} Kc7 {[%emt 0:00:03]}
45. Rxa5 {[%emt 0:00:01]} b6 {[%emt 0:00:01]} 46. Ra7+ {[%emt 0:00:01]} Kc6 {
[%emt 0:00:00]} 47. Ra6 {[%emt 0:00:02]} Rg8 {[%emt 0:00:02]} 48. a5 {[%emt 0:
00:01]} Rb8 {[%emt 0:00:02]} 49. axb6 {[%emt 0:00:01]} Rxb6 {[%emt 0:00:01]}
50. Ra4 {[%emt 0:00:02]} Re7 {[%emt 0:00:02]} 51. h5 {[%emt 0:00:02]} Rh7 {
[%emt 0:00:01]} 52. g4 {[%emt 0:00:01]} Ng5 {[%emt 0:00:02]} 53. Kg3 {[%emt 0:
00:02]} Nde6 {[%emt 0:00:02]} 54. Rc4+ {[%emt 0:00:02]} Kd5 {[%emt 0:00:01]}
55. Rc1 {[%emt 0:00:03]} Rb3+ {[%emt 0:00:01]} 56. Kh4 {[%emt 0:00:01]} Nf3+ {
[%emt 0:00:01]} 57. Kg3 {[%emt 0:00:02]} Neg5 {[%emt 0:00:04]} 58. Rd1+ {[%emt
0:00:02]} Ke4 {[%emt 0:00:01]} 59. Rd8 {[%emt 0:00:03]} Rb5 {[%emt 0:00:03]}
60. Re8+ {[%emt 0:00:01]} Re5 {[%emt 0:00:01]} 61. Ra8 {[%emt 0:00:03]} Ne6 {
[%emt 0:00:04]} 62. Ra4+ {[%emt 0:00:03]} Ned4 {[%emt 0:00:00]} 63. Rb4 {[%emt
0:00:05]} Rb5 {[%emt 0:00:02]} 64. Ra4 {[%emt 0:00:01]} Rb3 {[%emt 0:00:01]}
65. Kg2 {[%emt 0:00:02]} Rg7 {[%emt 0:00:01]} 66. Kh3 {[%emt 0:00:05]} Ne5+ {
[%emt 0:00:02]} 67. Kh4 {[%emt 0:00:01]} Rxg4# {[%emt 0:00:02]} 0-1